| 000 | 00641nam a22001937a 4500 | ||
|---|---|---|---|
| 999 |
_c169352 _d169352 |
||
| 005 | 20191115150035.0 | ||
| 010 | _aENG-126915 | ||
| 020 |
_c1195.00 _a9789386552860 |
||
| 035 | _aEN-110447 | ||
| 037 | _bDBAD/PUB | ||
| 082 | _a294.509 | ||
| 100 | _aFIS | ||
| 245 |
_aHindu pluralism : _cby Elaine M. Fisher _breligion and the public sphere in early modern South Asia / |
||
| 260 |
_aDelhi _bPrimus Books _c2018 |
||
| 270 |
_aVirat Bhawan, Mukherjee Nagar Commercial Complex _e110009 _bDelhi |
||
| 300 |
_aix;284p. _c23cm(Hb) |
||
| 500 | _aIncludes bibliographical references and index | ||
| 942 |
_2ddc _cEN _h294.509 _mFIS |
||